[Event "ICS rated blitz match"]
[Site "207.99.83.229"]
[Date "1999.05.29"]
[Round "?"]
[White "SuperChicken"]
[Black "Hossa"]
[Result "1-0"]
[WhiteElo "2715"]
[BlackElo "2528"]
[PlyCount "159"]

1. d4 d5 2. c4 e6 3. Nc3 Nf6 4. Bg5 Be7 5. e3 O-O 6. Nf3 h6 7. Bh4 b6 8. Be2
Nbd7 9. cxd5 Nxd5 10. Bxe7 Qxe7 11. Nxd5 exd5 12. Rc1 Qb4+ 13. Qd2 Qd6 14. O-O
c5 15. dxc5 bxc5 16. Rfd1 Bb7 17. Qc2 Rac8 18. Qf5 Nf6 19. b3 Rce8 20. Qc2 Rc8
21. Qd3 Rfe8 22. Qf5 Rcd8 23. Bb5 Re4 24. Nd2 Rg4 25. Nc4 Qe7 26. Na5 Rg5 27.
Qf3 Ba8 28. Bc6 Ne4 29. Qf4 Nf6 30. Rc2 Rc8 31. Bxa8 Rxa8 32. Nc6 Qe4 33. Qxe4
dxe4 34. Rdc1 Nd7 35. Rc4 f5 36. Rd1 Nf8 37. Rxc5 Ng6 38. g3 a6 39. Rdd5 Nh4
40. Nd4 g6 41. f4 exf3 42. Kf2 Kh8 43. a3 f4 44. gxh4 Rg2+ 45. Kxf3 Rxh2 46.
exf4 Rxh4 47. Rc6 Rf8 48. f5 gxf5 49. Rxa6 Rh3+ 50. Kf4 Rh4+ 51. Kg3 Rh5 52.
Rd7 Rg8+ 53. Kf4 Rh4+ 54. Ke5 f4 55. Raa7 Re8+ 56. Ne6 Rg4 57. Rh7+ Kg8 58.
Rag7+ Rxg7 59. Rxg7+ Kh8 60. Rf7 Ra8 61. a4 Rb8 62. Nc5 f3 63. Rxf3 Kh7 64. Rf4
Re8+ 65. Ne6 Ra8 66. Rf8 Ra7 67. Kf6 Ra6 68. Rf7+ Kh8 69. Re7 Ra8 70. Kf7 h5
71. Re8+ Rxe8 72. Kxe8 h4 73. Nf4 Kg7 74. Ke7 Kg8 75. a5 Kg7 76. a6 Kh7 77. a7
Kh6 78. Kf6 h3 79. a8=Q h2 80. Qh8# {Hossa checkmated} 1-0

[Event "ICS rated blitz match"]
[Site "207.99.83.229"]
[Date "1999.05.29"]
[Round "?"]
[White "Hossa"]
[Black "MissSilicon"]
[Result "0-1"]
[WhiteElo "2520"]
[BlackElo "2528"]
[PlyCount "93"]

1. d4 Nf6 2. c4 e6 3. Nf3 Bb4+ 4. Bd2 Qe7 5. g3 Nc6 6. Nc3 O-O 7. Bg2 d5 8.
cxd5 exd5 9. O-O Re8 10. Re1 Bf5 11. Bf4 Rad8 12. Qb3 Na5 13. Qa4 Nc4 14. Qxa7
c6 15. Qa4 Nxb2 16. Qb3 Nc4 17. Nd2 Nxd2 18. Bxd2 Ra8 19. Ne4 Bxd2 20. Nxd2 Ra3
21. Qb2 Ne4 22. Nxe4 dxe4 23. Rf1 g6 24. Rfb1 e3 25. Rf1 exf2+ 26. Rxf2 Re3 27.
Raf1 Qc7 28. d5 cxd5 29. Bxd5 R8e7 30. g4 Be6 31. Bxe6 R3xe6 32. Rc1 Qd8 33.
Re1 Re4 34. Rg2 Rd4 35. Kf2 Rd2 36. Qa3 Re4 37. Kf1 Rf4+ 38. Rf2 Qd4 39. Rf3
Rxg4 40. Rf2 Rd1 41. Qa5 b6 42. Qa8+ Kg7 43. Rxf7+ Kxf7 44. Qb7+ Kf6 45. Qf3+
Rf4 46. Rxd1 Rxf3+ 47. exf3 {Hossa resigns} 0-1

[Event "ICS rated blitz match"]
[Site "207.99.83.229"]
[Date "1999.05.29"]
[Round "?"]
[White "Amateur"]
[Black "Hossa"]
[Result "1-0"]
[WhiteElo "2494"]
[BlackElo "2504"]
[PlyCount "117"]

1. e4 c5 2. Nf3 d6 3. d4 cxd4 4. Nxd4 Nf6 5. Nc3 g6 6. Be3 Bg7 7. f3 O-O 8. Qd2
Nc6 9. g4 Be6 10. O-O-O Nxd4 11. Bxd4 Qa5 12. Kb1 Rfc8 13. Nd5 Qxd2 14. Nxf6+
Bxf6 15. Rxd2 Bg5 16. Rd3 Bc4 17. Rc3 b5 18. Bxc4 bxc4 19. Ra3 a5 20. Ra4 Bd2
21. Rd1 c3 22. b3 Rc6 23. e5 d5 24. a3 Rcc8 25. Rf1 Rcb8 26. Bc5 Kf8 27. Rd4
Rd8 28. Rd3 Bf4 29. Bd4 Bxh2 30. f4 a4 31. Rxc3 axb3 32. cxb3 Rxa3 33. Rh3 Rb8
34. Rxh2 Rbxb3+ 35. Bb2 Rh3 36. Bxa3 Rxh2 37. Rc1 Ke8 38. Rc7 h5 39. Rxe7+ Kf8
40. gxh5 Rh1+ 41. Kc2 Rh2+ 42. Kd1 Rh1+ 43. Ke2 Rh2+ 44. Ke1 gxh5 45. Rd7+ Kg8
46. Rxd5 Kg7 47. f5 Rh1+ 48. Kf2 Rh2+ 49. Kg3 Re2 50. Be7 Kh6 51. Rd6+ Kh7 52.
Bf6 Re3+ 53. Kh4 Rf3 54. e6 fxe6 55. Rd7+ Kg8 56. Kxh5 exf5 57. Kg6 Re3 58.
Rd8+ Re8 59. Rxe8# {Hossa checkmated} 1-0

[Event "ICS rated blitz match"]
[Site "207.99.83.229"]
[Date "1999.05.29"]
[Round "?"]
[White "Hossa"]
[Black "Nothing"]
[Result "1-0"]
[WhiteElo "2488"]
[BlackElo "2121"]
[PlyCount "39"]

1. d4 Nf6 2. Nf3 g6 3. Nc3 Bg7 4. e4 d6 5. Bb5+ c6 6. Be2 O-O 7. Bg5 Nbd7 8.
Qd3 e5 9. O-O-O h6 10. dxe5 hxg5 11. exf6 Bxf6 12. Qxd6 Qa5 13. Bc4 g4 14. Nd4
b5 15. Nxc6 Qb6 16. Nxb5 Qxf2 17. Nc7 Qb6 18. e5 Bg5+ 19. Kb1 Kg7 20. Nxa8 {
Nothing resigns} 1-0

[Event "ICS rated blitz match"]
[Site "207.99.83.229"]
[Date "1999.05.29"]
[Round "?"]
[White "alfonso2"]
[Black "Hossa"]
[Result "0-1"]
[WhiteElo "2190"]
[BlackElo "2491"]
[PlyCount "70"]

1. d4 Nf6 2. c4 e6 3. Nc3 Bb4 4. Bg5 O-O 5. e4 d6 6. Bd3 e5 7. d5 Bxc3+ 8. bxc3
h6 9. Bh4 c6 10. Ne2 cxd5 11. cxd5 Nbd7 12. O-O Re8 13. f3 Qb6+ 14. Bf2 Nc5 15.
Bc2 Qc7 16. Qd2 Bd7 17. a4 Qa5 18. Be3 Nxa4 19. Ra3 Rac8 20. Rfa1 b5 21. Bxa4
bxa4 22. Bxh6 gxh6 23. Qxh6 Qc5+ 24. Kh1 Nh7 25. Ng3 Re7 26. Nh5 f5 27. Qg6+
Kh8 28. exf5 Rg8 29. Qh6 Rf7 30. f6 Qxd5 31. c4 Qxc4 32. Rc1 Qh4 33. g3 Rxg3
34. Rxa4 Qh3 35. Rb4 35... Qg2# {alfonso2 checkmated} 0-1

[Event "ICS rated blitz match"]
[Site "207.99.83.229"]
[Date "1999.05.29"]
[Round "?"]
[White "Hossa"]
[Black "puce13"]
[Result "1-0"]
[WhiteElo "2496"]
[BlackElo "2161"]
[PlyCount "101"]

1. d4 Nf6 2. Nf3 c5 3. d5 b5 4. Bg5 Bb7 5. Bxf6 gxf6 6. e4 a6 7. Nbd2 Bg7 8. c4
f5 9. Qb3 fxe4 10. Nxe4 b4 11. Nxc5 Qb6 12. Nxb7 Qxb7 13. Bd3 a5 14. O-O d6 15.
Rfe1 Nd7 16. Bf5 Nc5 17. Qc2 b3 18. axb3 Qxb3 19. Qxb3 Nxb3 20. Ra2 Bf6 21. Bc2
Nc5 22. b4 Nb7 23. Ba4+ Kd8 24. Bc6 Kc7 25. Bxb7 Kxb7 26. bxa5 Ra6 27. Rb1+ Kc7
28. Rb5 Rha8 29. Ra3 h6 30. Kf1 e6 31. g4 Bd8 32. dxe6 fxe6 33. Rh5 Kd7 34.
Rxh6 Rxa5 35. Rxa5 Rxa5 36. Rh7+ Kc6 37. Nd4+ Kb6 38. Nxe6 Bh4 39. Rxh4 Ra4 40.
g5 Kc6 41. g6 Ra8 42. g7 Ra1+ 43. Kg2 Ra8 44. c5 dxc5 45. Rh8 Ra7 46. g8=Q c4
47. Qc8+ Kd5 48. Qc5+ Kxe6 49. Qb6+ Kd5 50. Rh5+ Ke4 51. Qe3# {
puce13 checkmated} 1-0

[Event "ICS rated blitz match"]
[Site "207.99.83.229"]
[Date "1999.05.29"]
[Round "?"]
[White "jacdion"]
[Black "Hossa"]
[Result "1-0"]
[WhiteElo "2818"]
[BlackElo "2508"]
[PlyCount "102"]

1. e4 c5 2. Nf3 e6 3. d4 cxd4 4. Nxd4 Nf6 5. Nc3 d6 6. g4 Nc6 7. g5 Nd7 8. Be3
Be7 9. h4 O-O 10. Qd2 Nxd4 11. Qxd4 f5 12. exf5 Ne5 13. O-O-O Rxf5 14. Bh3 Rf7
15. Kb1 Nf3 16. Qd3 Nxh4 17. Bxe6 Bxe6 18. Rxh4 Bf5 19. Qd5 Qd7 20. Rb4 Bf8 21.
Bf4 Be6 22. Qd4 d5 23. Rb3 Rc8 24. g6 hxg6 25. Be3 Bc5 26. Qxc5 Rxc5 27. Bxc5
b6 28. Be3 Rf5 29. Rb4 Rh5 30. Rbd4 Bf7 31. Re1 Qc6 32. Rd3 a5 33. Ne2 Qb7 34.
Nd4 Qe7 35. Rb3 Qc7 36. Rc3 Qb8 37. Nc6 Qb7 38. Bf4 Rh4 39. Ne7+ Kh7 40. Rc7
Qa6 41. Nc6 Be8 42. Bg3 Rh3 43. Nd4 b5 44. Bf4 Qb6 45. Ne6 Kg8 46. Rxg7+ Kh8
47. Re7 Bf7 48. Rxf7 Qxe6 49. Rxe6 Rh1+ 50. Bc1 Kg8 51. Rc7 51... Kf8 {
Hossa resigns} 1-0

[Event "ICS rated blitz match"]
[Site "207.99.83.229"]
[Date "1999.05.29"]
[Round "?"]
[White "knightmare51"]
[Black "Hossa"]
[Result "0-1"]
[WhiteElo "2229"]
[BlackElo "2503"]
[PlyCount "68"]

1. e4 c5 2. Nf3 e6 3. d4 cxd4 4. Nxd4 a6 5. c4 Nf6 6. Nc3 Qc7 7. Bd3 Be7 8. O-O
O-O 9. Be3 Nc6 10. Qe2 Bd6 11. h3 Be5 12. Nxc6 dxc6 13. Rac1 Bh2+ 14. Kh1 Bf4
15. Rfd1 Rd8 16. Bxf4 Qxf4 17. e5 Nd7 18. g3 Qh6 19. Kg2 Kh8 20. f4 f6 21. exf6
Nxf6 22. Ne4 Nxe4 23. Bxe4 Rd7 24. Rxd7 Bxd7 25. Rd1 Be8 26. Qd3 Kg8 27. c5 Qh5
28. Qd6 Qe2+ 29. Kg1 Qe3+ 30. Kh2 Qxe4 31. Rd2 Qe3 32. g4 Bg6 33. h4 Rf8 34. h5
34... Bb1 {knightmare51 resigns} 0-1

[Event "ICS rated blitz match"]
[Site "207.99.83.229"]
[Date "1999.05.29"]
[Round "?"]
[White "Hossa"]
[Black "jacdion"]
[Result "0-1"]
[WhiteElo "2508"]
[BlackElo "2823"]
[PlyCount "117"]

1. d4 d5 2. c4 e6 3. Nc3 Nf6 4. Bg5 Be7 5. e3 O-O 6. Nf3 h6 7. Bh4 b6 8. Be2
Bb7 9. O-O Nbd7 10. Rc1 c5 11. Qa4 g5 12. Bg3 Nh5 13. b3 Nxg3 14. hxg3 cxd4 15.
exd4 a6 16. g4 Nb8 17. cxd5 b5 18. Bxb5 axb5 19. Qxb5 Ba6 20. Qa4 exd5 21. Ne5
Qd6 22. Rfe1 Bd8 23. a3 Kg7 24. Nb5 Qb6 25. Nc3 Bb7 26. Qb4 Qxb4 27. axb4 Ra3
28. Rb1 Re8 29. Nb5 Ra6 30. Nd3 Rxe1+ 31. Rxe1 Bc8 32. f3 Be6 33. Nc5 Rb6 34.
Na3 Nc6 35. Nc2 Kf6 36. Nd3 Be7 37. Kh1 Bxb4 38. Ncxb4 Nxb4 39. Nxb4 Rxb4 40.
Rd1 Rxb3 41. Kh2 Rb2 42. Kg3 Ke7 43. Kh2 f5 44. gxf5 Bxf5 45. Kg3 Re2 46. Ra1
Rd2 47. Ra7+ Bd7 48. Ra6 Rxd4 49. Rxh6 Bf5 50. Kf2 Rd2+ 51. Kg1 d4 52. g3 d3
53. g4 Rc2 54. Kf1 Rc1+ 55. Kg2 d2 56. gxf5 d1=Q 57. f6+ Kf7 58. Rh7+ Kxf6 59.
Rh6+ {Hossa resigns} 0-1

[Event "ICS rated blitz match"]
[Site "207.99.83.229"]
[Date "1999.05.29"]
[Round "?"]
[White "Hossa"]
[Black "lambChop"]
[Result "0-1"]
[WhiteElo "2504"]
[BlackElo "2545"]
[PlyCount "182"]

1. e4 Nc6 2. d4 e5 3. d5 Nce7 4. Nd2 Nf6 5. Ngf3 d6 6. Bb5+ c6 7. dxc6 bxc6 8.
Bc4 Ng6 9. O-O d5 10. exd5 cxd5 11. Bb3 Bc5 12. Qe2 Qc7 13. c4 Ba6 14. Ba4+ Kf8
15. b3 e4 16. Ne1 Nf4 17. Qd1 dxc4 18. bxc4 Rd8 19. Bb5 Bxb5 20. cxb5 e3 21.
fxe3 Bxe3+ 22. Kh1 Qc3 23. b6 axb6 24. Rb1 Rxd2 25. Bxd2 Qxd2 26. Qxd2 Bxd2 27.
Rxb6 Ne8 28. Rb7 f6 29. Rd7 Bxe1 30. Rxf4 Bc3 31. Kg1 Be5 32. Rh4 h5 33. Kf2 g5
34. Re4 Bxh2 35. Ree7 Bd6 36. Rxe8+ Kxe8 37. Rxd6 Ke7 38. Ra6 Rc8 39. Ra3 Rc2+
40. Kg3 f5 41. Ra7+ Kf6 42. Kh3 g4+ 43. Kg3 h4+ 44. Kxh4 Rxg2 45. a4 Rh2+ 46.
Kg3 Rh3+ 47. Kg2 f4 48. a5 Rd3 49. Ra8 Rd2+ 50. Kg1 Rd1+ 51. Kg2 f3+ 52. Kf2
Rd2+ 53. Ke3 Re2+ 54. Kd3 Ra2 55. Ke3 Kg7 56. Ra7+ Kg6 57. Ra6+ Kh5 58. Ra7 f2
59. Rh7+ Kg5 60. Rh1 g3 61. Kf3 Ra3+ 62. Kg2 Kf4 63. Rh4+ Ke3 64. Rh1 Rxa5 65.
Rb1 Rf5 66. Rb3+ Kf4 67. Rb8 Kg4 68. Rg8+ Kh4 69. Kf1 Rg5 70. Rh8+ Kg4 71. Kg2
Kf4 72. Re8 Rg6 73. Re7 Rf6 74. Re8 Rd6 75. Rf8+ Ke3 76. Re8+ Kd3 77. Rf8 Rg6
78. Rd8+ Ke4 79. Re8+ Kd5 80. Rd8+ Ke5 81. Rd3 Rf6 82. Rd1 Ke4 83. Kf1 Kf3 84.
Rd3+ Kg4 85. Rd4+ Kh3 86. Rd3 Kh2 87. Rf3 Rxf3 88. Ke2 f1=Q+ 89. Kd2 Kh1 90.
Kc2 Qe2+ 91. Kc1 91... Rf1# {Hossa checkmated} 0-1

[Event "ICS rated blitz match"]
[Site "207.99.83.229"]
[Date "1999.05.29"]
[Round "?"]
[White "Hossa"]
[Black "PhrozenCrew"]
[Result "1/2-1/2"]
[WhiteElo "2490"]
[BlackElo "2236"]
[PlyCount "64"]

1. e4 e5 2. Nf3 Nf6 3. Bc4 Nc6 4. d3 d6 5. Nc3 Bg4 6. Bb5 Be7 7. Bxc6+ bxc6 8.
O-O O-O 9. Bg5 h6 10. Bxf6 Bxf6 11. Qe2 d5 12. h3 Bh5 13. g4 Bg6 14. exd5 cxd5
15. Nxe5 Re8 16. f4 Qd6 17. d4 c5 18. Nb5 Qb6 19. a4 cxd4 20. Qf2 Bxe5 21. fxe5
Rxe5 22. Rad1 Rae8 23. c3 Re2 24. Qxd4 Qxd4+ 25. Rxd4 Be4 26. Rf2 Re1+ 27. Kh2
Rh1+ 28. Kg3 Rg1+ 29. Kh2 Rh1+ 30. Kg3 Rg1+ 31. Kh2 Rh1+ 32. Kg3 32... Rg1+ {
Game drawn by repetition} 1/2-1/2

[Event "ICS rated blitz match"]
[Site "207.99.83.229"]
[Date "1999.05.29"]
[Round "?"]
[White "Amateur"]
[Black "Hossa"]
[Result "1-0"]
[WhiteElo "2514"]
[BlackElo "2480"]
[PlyCount "197"]

1. e4 e5 2. Nf3 Nf6 3. Nxe5 d6 4. Nf3 Nxe4 5. d4 d5 6. Bd3 Be7 7. O-O Nc6 8. c4
Nb4 9. cxd5 Nxd3 10. Qxd3 Nd6 11. Bf4 O-O 12. Re1 Bf5 13. Qb3 Rb8 14. Nc3 Re8
15. Re3 Bg4 16. Rae1 Nf5 17. Re5 Nd6 18. Ne4 Nf5 19. h3 Bxf3 20. Qxf3 Nxd4 21.
Qg3 Rf8 22. Bg5 Bxg5 23. Rxg5 Kh8 24. Qc3 f6 25. d6 Ne6 26. Rd5 Qd7 27. Qa5 b6
28. Qa6 Rbe8 29. Rdd1 Ng5 30. Nxg5 Rxe1+ 31. Rxe1 fxg5 32. dxc7 Qxc7 33. Qf1
Qf7 34. b3 h5 35. Re5 Qf4 36. Qe1 g6 37. Re6 Kg7 38. Re4 Qf6 39. Re6 Qf4 40.
Re2 Rc8 41. Re3 Rc2 42. a3 Kh6 43. a4 a5 44. Qf1 g4 45. hxg4 Qxg4 46. Qa1 Qc8
47. Qf6 Rc6 48. Qf4+ g5 49. Qf7 Rg6 50. Qe7 h4 51. Qf7 Qh8 52. Re1 Qg8 53. Qf3
Qg7 54. Qd1 g4 55. Qd2+ Kh7 56. Qd8 Qf6 57. Re7+ Kh6 58. Qd2+ Qg5 59. Re3 h3
60. Qd4 Kh7 61. Rc3 Qf5 62. Rc7+ Kh6 63. Qh8+ Kg5 64. Rh7 h2+ 65. Kh1 Qf6 66.
Rh5+ Kf4 67. Qc8 Rg5 68. Qc1+ Kf5 69. Qc2+ Ke5 70. Qe2+ Kf5 71. Qb5+ Kg6 72.
Rxg5+ Qxg5 73. Qxb6+ Kf7 74. Qd6 Qh5 75. Qxh2 Qg5 76. Qc7+ Ke8 77. Kh2 Qh4+ 78.
Kg1 Qg5 79. Qc8+ Kf7 80. g3 Qh5 81. Qb7+ Kg6 82. b4 axb4 83. Qxb4 Qf5 84. Qb6+
Kh7 85. a5 Qf3 86. a6 Qd1+ 87. Kh2 Qe1 88. a7 Qe4 89. Qc5 Qf3 90. Qb6 Qe4 91.
Qc7+ Kg6 92. Qd8 Qf3 93. Kg1 Qe4 94. a8=Q Qe1+ 95. Kg2 Qe6 96. Qh4 Qf6 97. Qg8+
Qg7 98. Qe6+ Qf6 99. Qexf6# {Hossa checkmated} 1-0

[Event "ICS rated blitz match"]
[Site "207.99.83.229"]
[Date "1999.05.29"]
[Round "?"]
[White "Hossa"]
[Black "Amateur"]
[Result "0-1"]
[WhiteElo "2466"]
[BlackElo "2528"]
[PlyCount "114"]

1. e4 e5 2. Nf3 Nc6 3. Bc4 Nf6 4. Ng5 d5 5. exd5 Nxd5 6. d4 exd4 7. O-O f6 8.
Re1+ Be7 9. Ne4 Bf5 10. Qf3 Bxe4 11. Qxe4 Nb6 12. Bb5 Qd7 13. c3 f5 14. Qxd4
Nxd4 15. Bxd7+ Kxd7 16. cxd4 Rae8 17. Nc3 Nc4 18. Rd1 Bd6 19. b3 Nb6 20. Nb5 c6
21. Nxd6 Kxd6 22. Bf4+ Kd5 23. Be5 Re7 24. Rac1 Nd7 25. f4 h6 26. b4 Rhe8 27.
b5 cxb5 28. Rc7 Nxe5 29. Rc5+ Ke4 30. Rxe5+ Rxe5 31. fxe5 Rc8 32. Kf1 f4 33.
Ke2 Rc2+ 34. Rd2 Rxd2+ 35. Kxd2 Kf5 36. Kc3 g5 37. h3 h5 38. Kd3 g4 39. hxg4+
hxg4 40. Kd2 b4 41. Ke2 a5 42. Kd3 g3 43. e6 Kxe6 44. Ke4 a4 45. Kxf4 b3 46.
axb3 axb3 47. Kxg3 b2 48. Kf4 b1=Q 49. g4 Qd3 50. g5 b5 51. Kg4 b4 52. d5+ Kxd5
53. Kh5 b3 54. Kh6 b2 55. g6 b1=Q 56. Kg7 Qxg6+ 57. Kf8 57... Qb4# {
Hossa checkmated} 0-1

[Event "ICS rated blitz match"]
[Site "207.99.83.229"]
[Date "1999.05.29"]
[Round "?"]
[White "sherry"]
[Black "Hossa"]
[Result "0-1"]
[WhiteElo "2254"]
[BlackElo "2453"]
[PlyCount "54"]

1. e4 e5 2. Nf3 Nf6 3. Nxe5 d6 4. Nf3 Nxe4 5. d4 Be7 6. Bd3 d5 7. c4 Bb4+ 8.
Nbd2 Bg4 9. O-O Nxd2 10. Bxd2 Bxd2 11. Qxd2 O-O 12. Ne5 dxc4 13. Bxc4 Be6 14.
d5 Qd6 15. Rae1 c6 16. dxe6 Qxd2 17. exf7+ Kh8 18. Re3 Qd6 19. f4 b5 20. Bb3
Qc5 21. Rfe1 a5 22. a3 Qd4 23. Kh1 g6 24. Rh3 Kg7 25. Rd1 Qxb2 26. f5 Qxe5 27.
fxg6 27... hxg6 {sherry resigns} 0-1

[Event "ICS rated blitz match"]
[Site "207.99.83.229"]
[Date "1999.05.29"]
[Round "?"]
[White "SUPERCAR"]
[Black "Hossa"]
[Result "0-1"]
[WhiteElo "2238"]
[BlackElo "2461"]
[PlyCount "82"]

1. d4 d5 2. e3 Bf5 3. c4 Nf6 4. cxd5 Nxd5 5. Qb3 Nb6 6. Nc3 Be6 7. Qc2 Nc6 8.
a3 Na5 9. b4 Nac4 10. Nf3 g6 11. Bd3 Bg7 12. O-O O-O 13. Ne2 Qd6 14. Nd2 Nxd2
15. Bxd2 Rad8 16. Rac1 c6 17. a4 Nd5 18. b5 cxb5 19. axb5 Nb4 20. Bxb4 Qxb4 21.
Nf4 Rc8 22. Qb1 Qxb1 23. Rxb1 Bc4 24. Rfc1 Bxd3 25. Nxd3 Rfd8 26. Kf1 a5 27.
Ke2 Bf6 28. b6 Rxc1 29. Rxc1 Rd6 30. Rb1 a4 31. Nc5 a3 32. Nxb7 a2 33. Ra1 Rxb6
34. Nc5 Rb2+ 35. Kf3 Kg7 36. Nd3 Rd2 37. Nb4 Rb2 38. Nxa2 e5 39. d5 e4+ 40.
Kxe4 Rxf2 41. d6 41... Bxa1 {SUPERCAR resigns} 0-1

[Event "ICS rated blitz match"]
[Site "207.99.83.229"]
[Date "1999.05.29"]
[Round "?"]
[White "Hossa"]
[Black "SuperChicken"]
[Result "0-1"]
[WhiteElo "2468"]
[BlackElo "2735"]
[PlyCount "77"]

1. e4 e5 2. Nf3 Nc6 3. Bb5 a6 4. Ba4 Nf6 5. O-O Be7 6. Re1 b5 7. Bb3 d6 8. c3
O-O 9. h3 Na5 10. Bc2 c5 11. d4 Qc7 12. Nbd2 cxd4 13. cxd4 Rd8 14. Re3 Bb7 15.
Rc3 Qd7 16. a3 exd4 17. Nxd4 d5 18. e5 Ne4 19. Rd3 Bh4 20. g3 Be7 21. Qh5 Ng5
22. h4 Ne4 23. a4 g6 24. Qh6 Bf8 25. Qf4 Nc5 26. Rf3 bxa4 27. Qf6 Nc4 28. Nxc4
dxc4 29. Rf4 Bg7 30. Qb6 Qd5 31. Nf3 Bxe5 32. Ra3 Bxf4 33. Bxf4 Nb3 34. Qe3 Re8
35. Qc3 Qxf3 36. Qxf3 Bxf3 37. Be3 Rad8 38. Rxa4 Nd4 39. Bd1 {Hossa resigns}
0-1

[Event "ICS rated blitz match"]
[Site "207.99.83.229"]
[Date "1999.05.29"]
[Round "?"]
[White "RETI"]
[Black "Hossa"]
[Result "1-0"]
[WhiteElo "2410"]
[BlackElo "2462"]
[PlyCount "92"]

1. e4 e5 2. Nf3 Nf6 3. Nxe5 d6 4. Nf3 Nxe4 5. d4 Be7 6. Bd3 d5 7. O-O Nc6 8. c4
O-O 9. cxd5 Qxd5 10. Re1 Nf6 11. Nc3 Qd8 12. a3 Bg4 13. d5 Nb8 14. h3 Bh5 15.
g4 Bg6 16. Bxg6 fxg6 17. Ng5 Qd6 18. Qb3 Na6 19. Rxe7 h6 20. Re6 Nc5 21. Qc2
Qd7 22. Be3 Nxe6 23. Nxe6 Rf7 24. Qxg6 Nxd5 25. Nxd5 Qxd5 26. Bxh6 Qf3 27. Ng5
Qxf2+ 28. Kh1 Re8 29. Qxf7+ Qxf7 30. Nxf7 Kxf7 31. Rf1+ Kg6 32. Bd2 Re2 33. Bc3
Re3 34. Kg2 Re7 35. h4 Kh6 36. Kg3 Rd7 37. Rf8 Kh7 38. h5 c5 39. Kh4 Re7 40. g5
Re4+ 41. Kg3 b5 42. Rf7 Re3+ 43. Kg4 Kg8 44. Rxg7+ Kf8 45. h6 Re4+ 46. Kf5
46... Rh4 {Hossa resigns} 1-0

[Event "ICS rated blitz match"]
[Site "207.99.83.229"]
[Date "1999.05.29"]
[Round "?"]
[White "Alwayswinner"]
[Black "Hossa"]
[Result "0-1"]
[WhiteElo "2134"]
[BlackElo "2453"]
[PlyCount "150"]

1. d4 d5 2. c4 e6 3. Nc3 Nf6 4. Bg5 Be7 5. Nf3 O-O 6. e3 h6 7. Bh4 Nbd7 8. cxd5
Nxd5 9. Bg3 Nxc3 10. bxc3 c5 11. Bd3 Qa5 12. Qc2 cxd4 13. exd4 Qh5 14. O-O Nf6
15. Rfe1 Rd8 16. Rad1 Rd7 17. Ne5 Rd5 18. Qe2 Qxe2 19. Rxe2 Rd8 20. Rde1 Nh5
21. Be4 Nxg3 22. hxg3 Rb8 23. f4 Bf6 24. Rb2 Bxe5 25. fxe5 b6 26. Reb1 Bb7 27.
Bxb7 Rxb7 28. a4 Rc7 29. Rb3 Rdc8 30. Rc1 Rc4 31. Kf2 Rxa4 32. Ke3 Rcc4 33. Kd3
Kh7 34. Rf1 Kg6 35. Rf2 Rc6 36. Rc2 h5 37. c4 Ra1 38. Rd2 Ra5 39. Kc3 Ra4 40.
Rb4 Ra3+ 41. Rb3 Ra5 42. Rb4 f6 43. Re2 fxe5 44. dxe5 b5 45. Kd4 bxc4 46. Rxc4
Rd5+ 47. Kc3 Rxc4+ 48. Kxc4 Kf5 49. Rf2+ Kxe5 50. Rf7 Rd4+ 51. Kc3 Rg4 52. Rxa7
Rxg3+ 53. Kd2 g5 54. Ra5+ Ke4 55. Ra4+ Kf5 56. Ra5+ e5 57. Ra8 Rxg2+ 58. Ke3
Rg3+ 59. Kf2 Rh3 60. Rf8+ Ke4 61. Rg8 Rh2+ 62. Kg3 Rh4 63. Rxg5 Rg4+ 64. Rxg4+
hxg4 65. Kxg4 Kd3 66. Kf3 e4+ 67. Kf2 e3+ 68. Kf1 Kd2 69. Kg2 e2 70. Kf3 e1=Q
71. Kf4 Qe6 72. Kg5 Ke3 73. Kh4 Kf4 74. Kh5 Qd6 75. Kh4 75... Qh6# {
Alwayswinner checkmated} 0-1

[Event "ICS rated blitz match"]
[Site "207.99.83.229"]
[Date "1999.05.29"]
[Round "?"]
[White "Hossa"]
[Black "kyklop"]
[Result "1-0"]
[WhiteElo "2457"]
[BlackElo "2411"]
[PlyCount "101"]

1. e4 d5 2. exd5 Qxd5 3. Nc3 Qa5 4. Nf3 Nf6 5. Bc4 c6 6. d4 Bf5 7. O-O e6 8.
Bd2 Qc7 9. Bg5 Nbd7 10. Bxf6 gxf6 11. Qe2 O-O-O 12. Nh4 Bg6 13. Qd2 e5 14. Bb3
Bd6 15. dxe5 fxe5 16. Nxg6 hxg6 17. Ne4 Nc5 18. Nxd6+ Rxd6 19. Qc3 Nxb3 20.
axb3 Rd4 21. Rxa7 Rdh4 22. Ra8+ Kd7 23. Rd1+ Ke6 24. Rxh8 Rxh8 25. Qd3 Rh5 26.
c4 f5 27. c5 e4 28. Qd6+ Qxd6 29. Rxd6+ Ke5 30. Rxg6 Rh7 31. Rd6 f4 32. g3 f3
33. Rd8 Rf7 34. Re8+ Kd4 35. h3 Kd3 36. b4 Rd7 37. Re6 Rd4 38. Rd6 e3 39. Rxd4+
Kxd4 40. fxe3+ Kxe3 41. Kf1 f2 42. h4 Kf3 43. h5 Kxg3 44. h6 Kf3 45. h7 Ke3 46.
h8=Q Kd2 47. Qc3+ Kd1 48. Kxf2 b5 49. cxb6 c5 50. Ke3 cxb4 51. Qd2# {
kyklop checkmated} 1-0

[Event "ICS rated blitz match"]
[Site "207.99.83.229"]
[Date "1999.05.29"]
[Round "?"]
[White "JUNIORE"]
[Black "Hossa"]
[Result "1-0"]
[WhiteElo "2274"]
[BlackElo "2471"]
[PlyCount "89"]

1. d4 d5 2. Nf3 Nf6 3. c4 e6 4. Bg5 Bb4+ 5. Nc3 O-O 6. e3 Bxc3+ 7. bxc3 Nc6 8.
cxd5 Qxd5 9. Bxf6 gxf6 10. Be2 Rd8 11. O-O Qe4 12. c4 a5 13. Rb1 Rb8 14. Rb5
Qg6 15. Nh4 Qh6 16. Rh5 Qg7 17. Bf3 Ne5 18. Qe2 Nxf3+ 19. Qxf3 e5 20. Nf5 Bxf5
21. Qxf5 Qg6 22. dxe5 Rd2 23. exf6 Qxf5 24. Rxf5 Rxa2 25. Rd1 h6 26. h4 Re8 27.
h5 Rc2 28. Rd4 Rc1+ 29. Kh2 b6 30. Rg4+ Kf8 31. Rd5 c6 32. Rd7 Re6 33. Rd8+ Re8
34. Rd6 Rc2 35. f3 b5 36. Rg7 Rxc4 37. Rd7 Re5 38. Rdxf7+ Ke8 39. g4 Rxe3 40.
Rb7 Kf8 41. Rh7 Rc2+ 42. Kg3 Rxf3+ 43. Kxf3 Rc3+ 44. Ke4 Ke8 45. Rh8# {
Hossa checkmated} 1-0

[Event "ICS rated blitz match"]
[Site "207.99.83.229"]
[Date "1999.05.29"]
[Round "?"]
[White "Hossa"]
[Black "joejan"]
[Result "1-0"]
[WhiteElo "2447"]
[BlackElo "2270"]
[PlyCount "45"]

1. e4 c5 2. Nf3 d6 3. d4 cxd4 4. Nxd4 Nf6 5. Nc3 a6 6. f4 Qc7 7. Bd3 Bg4 8. Nd5
Nxd5 9. Qxg4 Nb4 10. O-O Nxd3 11. cxd3 Nd7 12. Be3 g6 13. Rac1 Qa5 14. f5 Bg7
15. fxg6 hxg6 16. Ne6 Bxb2 17. Nc7+ Kd8 18. Nxa8 Bxc1 19. Rxc1 Qxa2 20. Bb6+
Nxb6 21. Nxb6 e6 22. Qg5+ Ke8 23. Rc8# {joejan checkmated} 1-0

[Event "ICS rated blitz match"]
[Site "207.99.83.229"]
[Date "1999.05.29"]
[Round "?"]
[White "joejan"]
[Black "Hossa"]
[Result "0-1"]
[WhiteElo "2274"]
[BlackElo "2455"]
[PlyCount "98"]

1. e4 e5 2. Nf3 Nc6 3. Bb5 a6 4. Bxc6 dxc6 5. Nc3 Qd6 6. d4 exd4 7. Qxd4 Bg4 8.
e5 Qxd4 9. Nxd4 O-O-O 10. Be3 Bb4 11. f3 Bxc3+ 12. bxc3 Bh5 13. g4 Bg6 14.
O-O-O Rd5 15. f4 Nh6 16. h3 Be4 17. Rhe1 Re8 18. Bf2 Bg2 19. Re3 c5 20. Nf5
Rxd1+ 21. Kxd1 Nxf5 22. gxf5 Bd5 23. a3 b6 24. Rg3 g6 25. f6 Kb7 26. Kd2 Kc6
27. Ke3 Bc4 28. h4 a5 29. h5 gxh5 30. Rh3 Kb5 31. Rxh5 Ka4 32. Rxh7 Kxa3 33.
Bg3 Kb2 34. f5 Kxc2 35. e6 Bxe6 36. fxe6 Rxe6+ 37. Kf4 Rxf6+ 38. Ke5 Rg6 39.
Bf4 Kxc3 40. Rxf7 c6 41. Rb7 b5 42. Be3 c4 43. Bd4+ Kb4 44. Rf7 c5 45. Be3 c3
46. Kd5 c4 47. Rb7 Rg3 48. Bc5+ Ka4 49. Ra7 49... c2 {joejan resigns} 0-1

[Event "ICS rated blitz match"]
[Site "207.99.83.229"]
[Date "1999.05.29"]
[Round "?"]
[White "xroniko"]
[Black "Hossa"]
[Result "1/2-1/2"]
[WhiteElo "2197"]
[BlackElo "2467"]
[PlyCount "54"]

1. e4 e5 2. Nf3 Nc6 3. d4 exd4 4. Nxd4 Bc5 5. Nxc6 Qf6 6. Qd2 Qxc6 7. Bd3 Nf6
8. O-O O-O 9. b4 Bd4 10. c3 Bb6 11. Bb2 Nxe4 12. Qf4 Re8 13. c4 a5 14. Re1 Nf6
15. Rxe8+ Nxe8 16. b5 Qe6 17. Nd2 h6 18. Nf3 g5 19. Qd2 d6 20. Re1 Qd7 21. Nxg5
Bxf2+ 22. Kxf2 f5 23. Qc3 hxg5 24. Qh8+ Kf7 25. Qh7+ Kf8 26. Qh8+ Kf7 27. Qh7+
27... Kf8 {Game drawn by mutual agreement} 1/2-1/2

[Event "ICS rated blitz match"]
[Site "207.99.83.229"]
[Date "1999.05.29"]
[Round "?"]
[White "Hossa"]
[Black "Varguz"]
[Result "0-1"]
[WhiteElo "2457"]
[BlackElo "2814"]
[PlyCount "74"]

1. e4 c5 2. Nf3 d6 3. d4 cxd4 4. Nxd4 Nf6 5. Nc3 a6 6. f4 Qc7 7. Bd3 g6 8. O-O
Bg7 9. Nf3 Nbd7 10. Qe1 b5 11. e5 dxe5 12. fxe5 Ng4 13. e6 fxe6 14. Qh4 Nde5
15. Nxe5 Nxe5 16. Be2 Nc4 17. Nd1 Qc5+ 18. Kh1 Bb7 19. Bg4 h5 20. Bh3 Rf8 21.
Rxf8+ Kxf8 22. Qf4+ Kg8 23. Bxe6+ Kh7 24. Qf1 Rf8 25. Qe2 Nxb2 26. Be3 Qe5 27.
Bb3 Nxd1 28. Rxd1 Bh6 29. Re1 Qxe3 30. Qd1 Bxg2+ 31. Kxg2 Rf2+ 32. Kh1 Qf4 33.
Rxe7+ Bg7 34. Rxg7+ Kxg7 35. Qd7+ Kh6 36. Qh7+ Kxh7 37. h4 37... Qh2# {
Hossa checkmated} 0-1